LIBRARY service delivery to persons with hearing impairment in Nigeria
Saved in:
| Format: | Book |
|---|---|
| Language: | English |
| Published: |
Intanitina Gim Publishers
|
| Tags: |
Add Tag
No Tags, Be the first to tag this record!
|
MARC
| LEADER | 00000nam a22000007a 4500 | ||
|---|---|---|---|
| 008 | 201210b ||||| |||| 00| 0 eng d | ||
| 020 | |a ISBN: 978-978-52691-3-0 | ||
| 245 | |a LIBRARY service delivery to persons with hearing impairment in Nigeria |c Johnson Ayodeji Akerele…(et al. |g ix,132p.; ill | ||
| 260 | |b Intanitina Gim Publishers |h [Ondo Nigeria]: |i 690278 . , |i , 690279 |i , 690280 | ||
| 500 | |a “It includes references and index | ||
| 942 | |a lcc |c BK |e Olagoke,M A |f 10/12/2020 | ||
| 999 | |c 189 |d 189 | ||